Mummies : (Record no. 7202)

MARC details
000 -LEADER
fixed length control field 00989nam a22002297a 4500
001 - CONTROL NUMBER
control field 7202
003 - CONTROL NUMBER IDENTIFIER
control field FISKH
005 - DATE AND TIME OF LATEST TRANSACTION
control field 20250702112031.0
008 - FIXED-LENGTH DATA ELEMENTS--GENERAL INFORMATION
fixed length control field 250702b cb ||||| |||| 00| 0 eng d
020 ## - INTERNATIONAL STANDARD BOOK NUMBER
International Standard Book Number 9781740897921
040 ## - CATALOGING SOURCE
Original cataloging agency FISKH
Language of cataloging eng
Transcribing agency FISKH
Modifying agency FISKH
050 ## - LIBRARY OF CONGRESS CALL NUMBER
Classification number PZ7
082 ## - DEWEY DECIMAL CLASSIFICATION NUMBER
Classification number 393.3
100 ## - MAIN ENTRY--PERSONAL NAME
Personal name Coupe, Robert
245 ## - TITLE STATEMENT
Title Mummies :
Remainder of title Top readers /
Statement of responsibility, etc. Robert Coupe
260 ## - PUBLICATION, DISTRIBUTION, ETC.
Place of publication, distribution, etc. Sydney :
Name of publisher, distributor, etc. Weldon Owen,
Date of publication, distribution, etc. 2008.
300 ## - PHYSICAL DESCRIPTION
Extent 32 pages :
Other physical details color illustrations ;
Dimensions 23 cm
520 ## - SUMMARY, ETC.
Summary, etc. This nonfiction reader introduces young learners to the mysterious world of ancient mummies. It explains how civilizations like Egypt preserved the dead, the rituals involved, and why people once believed mummies had magical powers. Illustrated with vivid photos and accessible text, the book encourages curiosity about history, archaeology, and culture—designed for independent readers.
650 ## - SUBJECT ADDED ENTRY--TOPICAL TERM
Topical term or geographic name entry element Anthropology
Form subdivision Ancient history
General subdivision History
942 ## - ADDED ENTRY ELEMENTS (KOHA)
Source of classification or shelving scheme Dewey Decimal Classification
Koha item type Books
Suppress in OPAC No
Holdings
Withdrawn status Lost status Source of classification or shelving scheme Damaged status Not for loan Collection Home library Current library Shelving location Date acquired Total Checkouts Full call number Barcode Date last seen Copy number Price effective from Koha item type
    Dewey Decimal Classification     Non-Fiction Footprints International School Library Network Toul Kork Campus Footprints International School Library Network Toul Kork Campus A TK Campus, 4th Floor, Room B401, Non-Fiction Bookcases(7-8) 07/02/2025   COU 393.3 PZ7 FISTK01029 07/02/2025 1 07/02/2025 Books